MARC

LEADER 00000nam0a2200000 4500
001 306959
005 20231102001939.0
035 |a (RuTPU)RU\TPU\book\332237 
090 |a 306959 
100 |a 20151014d1897 k y0rusy50 ca 
101 0 |a rus 
102 |a RU 
105 |a y z 001zy 
200 1 |a Труд, его роль и условия приложения в производстве  |f Н. А. Карышев 
210 |a Санкт-Петербург  |c Издание О. Н. Поповой  |c Текст печатан в Типографии И. Н. Скороходова  |d 1897 
215 |a VIII, 592 с. 
225 1 |a Образовательная библиотека  |h № 4 и 5 
300 |a Текст в русской дореформенной орфографии 
316 |5 63413507: М-132504  |a На титульном листе владельческий штамп: "Из книг инж. И. Н. Бутакова" 
317 |5 63413507: 68//156  |a Поступила в 1905 г. в составе книжного собрания преподавателя ТТИ Н. А. Сборовского 
317 |5 63413507: М-132504  |a Поступила в НТБ в 1970 г. в составе книжного собрания профессора ТПИ И. Н. Бутакова 
320 |a Библиогр. в примеч. 
606 1 |a Труд  |x Оценка  |2 stltpush  |3 (RuTPU)RU\TPU\subj\37092  |9 58238 
610 1 |a оценка качества 
610 1 |a условия труда 
610 1 |a Россия 
610 1 |a Европа 
610 1 |a коллекция Н. А. Сборовского 
610 1 |a библиотека И. Н. Бутакова 
610 1 |a владельческие знаки 
686 |a У9(2)242  |v LBC/SL-A  |2 rubbk 
700 1 |a Карышев  |b Н. А.  |c экономист  |c земский деятель  |f 1855-1905  |g Николай Александрович  |2 stltpush  |3 (RuTPU)RU\TPU\pers\35329 
801 1 |a RU  |b 63413507  |c 20151014 
801 2 |a RU  |b 63413507  |c 20190731  |g RCR 
942 |c BK